Normal view
MARC view
- Jonckheere, Tobie
Entry Nombre Personal
001 - NUMERO DE CONTROL
- campo de control: 53243
003 - IDENTIFICADOR DE NUMERO DE CONTROL
- campo de control: DLC
005 - FECHA Y HORA DE LA ÜLTIMA TRANSACCIÓN
- campo de control: 20240826122311.0
008 - DATOS DE LONGITUD FIJA
- campo de control de longitud fija: 240826|| aca||aabn | aaa d
010 ## - NÚMERO DE CONTROL DE LA BIBLIOTECA DEL CONGRESO
- Número de control LC: nr 98002653
035 ## - NUMERO DE CONTROL
- Número de control: (DLC)nr 98002653
040 ## - FUENTE DE CATALOGACIÓN
- Agencia original de catalogación: NNU
- Lenguaje de catalogación: spa
- Agencia de transcripción: NNU
- Agencia que lo modifica: MX-MxUPN
100 1# - ENCABEZAMIENTO - NOMBRE PERSONAL
- Nombre personal: Jonckheere, Tobie
670 ## - FUENTE EN LA QUE SE LOCALIZARON DATOS
- Cita de la fuente: Autoridades LC, 26 agosto 2024 :
- Información localizada: (Jonckheere, Tobie)
- Uniform Resource Identifier: https://lccn.loc.gov/nr98002653
902 ## - CATALOGADOR
- Catalogador: MaríaRobles/260824
